000 00633nam a2200229Ia 4500
003 OSt
005 20221007071449.0
006 a|||||r|||| 00| 0
007 ta
008 221006b |||||||| |||| 00| 0 eng d
024 _a10,857
037 _cTextual
040 _aFLL
_cFLL
_beng
041 _2eng
_aeng
082 _aR341:Z2, N7
100 _aMosawi A. Au.
_9688815
245 0 _aEnterainment law
_b A guide to contracts in the flim industry
260 _aLondon
_bButterworths London
_c1997
300 _a272p
_ccm.
942 _hR341:Z2, N7
_cTEXL
_2CC
999 _c1143415
_d1143415